000 00851nam a2200229 a 4500
001 000007402
005 20200929154146.0
008 090908s2001 dr a r 000 0 spa d
040 _aDO-SdBNP
_bspa
_cBNPHU
082 _a510
_bL462f, 2001
100 1 _aLeclerc J., Luis Rafael
_920563
245 1 0 _aFundamentos de matemática /
_cLuis Rafael Leclerc J. ; prólogo Celso Quiroz.
250 _a2a. ed. corr. y ampl.
260 _aSanto Domingo :
_bDe Colores,
_c2001.
300 _a265 p. :
_bil. ;
_c24 cm.
590 _aInventariado, 2018/BT
650 4 _aMatemáticas
_xProblemas y ejercicios, etc.
_920564
650 4 _aTeoría de conjuntos
_xProblemas y ejercicios, etc.
_920565
650 4 _aTeoría de ecuaciones
_xProblemas y ejercicios, etc.
_920566
700 1 _aQuiroz, Celso,
_epról.
_920567
910 _aValidado. Control de calidad. MMOLINA
999 _c7183
_d7183